| 000 | 01384cam a22003735i 4500 | ||
|---|---|---|---|
| 999 |
_c28508 _d28479 |
||
| 001 | 15465887 | ||
| 003 | EG-ScBUE | ||
| 005 | 20200718172517.0 | ||
| 008 | 080923t20092009njua f b 001 0 eng d | ||
| 020 | _a9780470126851 (cloth/CD) | ||
| 035 | _a(OCoLC)246887517 | ||
| 040 |
_aDNLM/DLC _beng _erda _cDLC _dBTCTA _dNLM _dYDXCP _dC#P _dBWX _dDLC _dEG-ScBUE |
||
| 082 | 0 | 4 |
_a615.190285 _bYOU _222 |
| 100 | 1 |
_aYoung, David C., _d1964- _eauthor. |
|
| 245 | 1 | 0 |
_aComputational drug design : _ba guide for computational and medicinal chemists / _cDavid C. Young, Computer Sciences Corporation. |
| 264 | 1 |
_aHoboken, New Jersey : _bJohn Wiley & Sons Inc., _c[2009] |
|
| 264 | 4 | _cc2009 | |
| 300 |
_axxxvi, 307 pages : _billustrations ; _c25 cm |
||
| 336 |
_atext _btxt _2rdacontent |
||
| 337 |
_aunmediated _bn _2rdamedia |
||
| 338 |
_avolume _bnc _2rdacarrier |
||
| 504 | _aIncludes bibliographical references and index. | ||
| 650 | 7 |
_aDrugs _xDesign _xMathematical models. _2BUEsh |
|
| 650 | 7 |
_aDrugs _xDesign _xData processing. _2BUEsh |
|
| 650 | 7 |
_aComputational Biology _xmethods. _2BUEsh |
|
| 650 | 7 |
_aDrug Design. _2BUEsh |
|
| 650 | 7 |
_aBiochemical Phenomena. _2BUEsh |
|
| 650 | 7 |
_aChemistry, Pharmaceutical _xmethods. _2BUEsh |
|
| 650 | 7 |
_aDrug Delivery Systems. _2BUEsh |
|
| 650 | 7 |
_aModels, Chemical. _2BUEsh |
|
| 653 |
_bPPhrm _cJuly2020 |
||
| 655 |
_vText book _933728 |
||
| 942 |
_2ddc _cBB |
||